| Tag |
First Indicator |
Second Indicator |
Subfields |
| LEADER |
00000cam a2200000 4500 |
| 001 |
in00000022485 |
| 005 |
20151007064020.0 |
| 008 |
730515s1928 nyu 00010 eng u |
| 010 |
|
|
|a 28023945
|
| 035 |
|
|
|a (OCoLC)00621302
|
| 035 |
|
|
|9 AAD8838AM
|
| 040 |
|
|
|c OUN
|d TXA
|d UtOrBLW
|
| 049 |
|
|
|a TXAM
|c [476057]
|
| 050 |
|
0 |
|a PS3507.O743
|b A7 1928
|
| 092 |
|
|
|a 812
|b D723a
|
| 100 |
1 |
|
|a Dos Passos, John,
|d 1896-1970.
|
| 245 |
1 |
0 |
|a Airways, inc. /
|c by John Dos Passos; a New playwrights' theatre production.
|
| 264 |
|
1 |
|a New York :
|b The Macaulay company,
|c [1928]
|
| 264 |
|
4 |
|c [©1928]
|
| 300 |
|
|
|a 148 pages ;
|c 20 cm.
|
| 336 |
|
|
|a text
|b txt
|2 rdacontent
|
| 337 |
|
|
|a unmediated
|b n
|2 rdamedia
|
| 338 |
|
|
|a volume
|b nc
|2 rdacarrier
|
| 999 |
|
|
|a MARS
|
| 999 |
f |
f |
|s 4b9e6eda-68a9-3d9b-8a3b-c26035393a9c
|i f7cfdcf1-3be0-37cf-b5f7-4011259c7a17
|t 0
|
| 952 |
f |
f |
|p ric
|a Texas A&M University
|b Rellis Campus
|c Joint Library Facility
|d Remote Storage
|t 0
|e PS3507.O743 A7 1928
|h Library of Congress classification
|i unmediated -- volume
|m A14801223925
|
| 998 |
f |
f |
|a PS3507.O743 A7 1928
|t 0
|l Remote Storage
|